000 01337naa a22003497a 4500
001 BR7405467
003 BR-BrBNA
005 20240918173624.0
007 ta
008 230509b bl.||||| |||| 00| 0 por d
040 _aBR-BrBNA
_bpor
_cBiblioteca Nacional de Agricultura
041 _a(Pt)
072 _aL30
_b6100
_b8957
_b8954
_b9560
_b3212
090 _aL30 BR7405467
100 1 _aTeixeira, Z.S.
100 1 _aPereira, J.A.A.
100 1 _aSoares, P.R.
111 1 _a11. Reuniao da Sociedade Brasileira de Zootecnia
_cFortaleza, CE (Brazil)
_d22 Jul 1974
245 1 _aUtilizacao de diferentes niveis de farinha de peixe na racao inicial de frango de corte ou sem adicao de sebo de boi [Ganho de peso]
260 3 _aFortaleza, CE (Brasil):
_bUniversidade Federal do Ceara,
_c1974.
500 _aAnais da 11. Reuniao da Sociedade Brasileira de Zootecnia Fortaleza, CE (Brasil): Universidade Federal do Ceara, 1974. p. 214 (BR7405467-AM)L30
650 _aNutricao animal
650 _aFrango de corte
650 _aFarinha de peixe
650 _aRacao
650 _aSebo
650 _aBovino
650 _aGanho de peso
773 0 _tAnais da 11. Reuniao da Sociedade Brasileira de Zootecnia
_wL30 BR7405467
_gFortaleza, CE (Brasil), 1974. p. 214
909 _a202404
_bLucia
_c55
_dLucia Elande
942 _cAM
_2AGRIS
999 _c305803
_d305803